| 000 -CABECERA |
| campo de control de longitud fija |
00701nam a22001697a 4500 |
| 005 - FECHA Y HORA DE LA ÚLTIMA TRANSACCIÓN |
| campo de control |
20210626161754.0 |
| 008 - DATOS DE LONGITUD FIJA--INFORMACIÓN GENERAL |
| campo de control de longitud fija |
210626s1982 pe a|||| |||| 00| 0 spa d |
| 040 ## - FUENTE DE LA CATALOGACIÓN |
| Centro/agencia transcriptor |
CAAAP |
| 050 ## - SIGNATURA TOPOGRÁFICA DE LA BIBLIOTECA DEL CONGRESO |
| Número de clasificación |
GN 799.S9 |
| Número de documento/Ítem |
J69 |
| 100 1# - ENTRADA PRINCIPAL--NOMBRE DE PERSONA |
| 9 (RLIN) |
3441 |
| Nombre personal |
Joly, Luc |
| 245 ## - MENCIÓN DE TÍTULO |
| Título |
El signo y la forma : |
| Subtitulo |
una geometría original , ensayo de definición y de lectura / |
| Mención de responsabilidad, etc. |
Luc Joly |
| 260 ## - PUBLICACIÓN, DISTRIBUCIÓN, ETC. |
| Lugar de publicación, distribución, etc. |
Lima : |
| Nombre del editor, distribuidor, etc. |
Universidad de Lima, |
| Fecha de publicación, distribución, etc. |
1982. |
| 300 ## - DESCRIPCIÓN FÍSICA |
| Extensión |
167 p., [1] h. pleg. : |
| Otras características físicas |
il., retr. ; |
| Dimensiones |
23 cm. |
| 505 0# - NOTA DE CONTENIDO CON FORMATO |
| Nota de contenido con formato |
El primer lenguaje es el sentido de las formas, sentido que nos hace percibir inconscientemente, modelar instintivamente y organizar inteligentemente. |
| 650 #0 - PUNTO DE ACCESO ADICIONAL DE MATERIA--TÉRMINO DE MATERIA |
| 9 (RLIN) |
3442 |
| Término de materia o nombre geográfico como elemento de entrada |
Símbolos y alegorías. |
| 942 ## - ELEMENTOS PERSONALIZADOS KOHA |
| Fuente del sistema de clasificación o colocación |
|
| Fecha de catalogación |
DD - MM - AA |
| Tipo de ítem Koha |
Libros |